MARC details
| 000 -CABECERA |
| campo de control de longitud fija |
01713nam a2200349 a 4500 |
| 001 - NÚMERO DE CONTROL |
| campo de control |
000044924 |
| 003 - IDENTIFICADOR DEL NÚMERO DE CONTROL |
| campo de control |
OSt |
| 005 - FECHA Y HORA DE LA ÚLTIMA TRANSACCIÓN |
| campo de control |
20210111135129.0 |
| 008 - DATOS DE LONGITUD FIJA--INFORMACIÓN GENERAL |
| campo de control de longitud fija |
150119s2014 dr ac 000 0 spa d |
| 020 ## - NÚMERO INTERNACIONAL ESTÁNDAR DEL LIBRO |
| Número Internacional Estándar del Libro |
9789945166354 |
| 040 ## - FUENTE DE LA CATALOGACIÓN |
| Centro catalogador/agencia de origen |
DO-SdBNP |
| Lengua de catalogación |
spa |
| Centro/agencia transcriptor |
BNPHU |
| 082 ## - NÚMERO DE LA CLASIFICACIÓN DECIMAL DEWEY |
| Número de clasificación |
304.8729307294 |
| Número de documento/Ítem |
P497g |
| 100 1# - ENTRADA PRINCIPAL--NOMBRE DE PERSONA |
| Nombre de persona |
Petrozziello, Allison J. |
| 9 (RLIN) |
63193 |
| 245 10 - MENCIÓN DE TÍTULO |
| Título |
Género y el riesgo de apatridia para la población de ascendencia haitiana en los bateyes de la República Dominicana / |
| Mención de responsabilidad, etc. |
Allison J. Petrozziello, Amelia Hintzen y Juan Carlos González Díaz ; prólogo Bridget Wooding. |
| 260 ## - PUBLICACIÓN, DISTRIBUCIÓN, ETC. |
| Lugar de publicación, distribución, etc. |
Santo Domingo : |
| Nombre del editor, distribuidor, etc. |
OBMICA, |
| Fecha de publicación, distribución, etc. |
2014. |
| 300 ## - DESCRIPCIÓN FÍSICA |
| Extensión |
212 p. : |
| Otras características físicas |
il., retrs. ; |
| Dimensiones |
26 cm. |
| 500 ## - NOTA GENERAL |
| Nota general |
Incluye biografía de autores |
| 500 ## - NOTA GENERAL |
| Nota general |
Incluye referencias bibliográficas y notas al pie de las páginas. |
| 504 ## - NOTA DE BIBLIOGRAFÍA, ETC. |
| Nota de bibliografía, etc. |
Bibliografía : p. 187-205 |
| 505 0# - NOTA DE CONTENIDO CON FORMATO |
| Título |
Una mirada histórica a las mujeres en los bateyes de la República Dominicana -- |
| -- |
Tomando el pulso a la situación actual -- |
| -- |
Estudio de caso: Experiencias de mujeres haitianas y domínico-haitianas en el acceso a la documentación |
| 590 ## - NOTA LOCAL (RLIN) |
| Nota local |
Inventariado, 2018/VM |
| 650 #4 - PUNTO DE ACCESO ADICIONAL DE MATERIA--TÉRMINO DE MATERIA |
| Término de materia o nombre geográfico como elemento de entrada |
Mujeres en la República Dominicana |
| 9 (RLIN) |
72937 |
| 650 #4 - PUNTO DE ACCESO ADICIONAL DE MATERIA--TÉRMINO DE MATERIA |
| Término de materia o nombre geográfico como elemento de entrada |
Inmigrantes |
| Subdivisión geográfica |
República Dominicana |
| 9 (RLIN) |
9478 |
| 650 #4 - PUNTO DE ACCESO ADICIONAL DE MATERIA--TÉRMINO DE MATERIA |
| Término de materia o nombre geográfico como elemento de entrada |
Haitianas |
| Subdivisión geográfica |
República Dominicana |
| 9 (RLIN) |
72938 |
| 650 #4 - PUNTO DE ACCESO ADICIONAL DE MATERIA--TÉRMINO DE MATERIA |
| Término de materia o nombre geográfico como elemento de entrada |
Extranjeros ilegales |
| Subdivisión geográfica |
República Dominicana |
| 9 (RLIN) |
72939 |
| 651 #4 - PUNTO DE ACCESO ADICIONAL DE MATERIA--NOMBRE GEOGRÁFICO |
| Nombre geográfico |
República Dominicana |
| Subdivisión general |
Relaciones Étnicas |
| 9 (RLIN) |
2616 |
| 700 12 - PUNTO DE ACCESO ADICIONAL--NOMBRE DE PERSONA |
| Nombre de persona |
Hintzen, Amelia |
| 9 (RLIN) |
72940 |
| 700 12 - PUNTO DE ACCESO ADICIONAL--NOMBRE DE PERSONA |
| Nombre de persona |
González Díaz, Juan Carlos |
| 9 (RLIN) |
72941 |
| 710 22 - PUNTO DE ACCESO ADICIONAL--NOMBRE DE ENTIDAD CORPORATIVA |
| Nombre de entidad corporativa o nombre de jurisdicción como elemento de entrada |
Centro para la Observación Migratoria y el Desarrollo Social en el Caribe. (República Dominicana) |
| 9 (RLIN) |
72942 |
| 910 ## - DATOS DE OPCIÓN DEL USUARIO (OCLC) |
| Datos de opción del usuario |
Validado. Control de calidad MFF |
| 942 ## - ELEMENTOS DE PUNTO DE ACCESO ADICIONAL (KOHA) |
| Fuente del sistema de clasificación o colocación |
Dewey Decimal Classification |
| Tipo de ítem Koha |
Libro |